ARRUPE JESUIT UNIVERSITY

CORONAVIRUS -STOP THE SPREAD - CLEAN,DISINFECT,COVER

La Mort sara : (Record no. 127707)

MARC details
000 -LEADER
fixed length control field 00889cam a22002771a 4500
001 - CONTROL NUMBER
control field 8985721
003 - CONTROL NUMBER IDENTIFIER
control field ARRUPE
005 - DATE AND TIME OF LATEST TRANSACTION
control field 20180320110256.0
008 - FIXED-LENGTH DATA ELEMENTS--GENERAL INFORMATION
fixed length control field 820426s1971 fr a b 000 0 fre
010 ## - LIBRARY OF CONGRESS CONTROL NUMBER
LC control number 72358256
015 ## - NATIONAL BIBLIOGRAPHY NUMBER
National bibliography number F72-2146
035 ## - SYSTEM CONTROL NUMBER
System control number (OCoLC)8370839
040 ## - CATALOGING SOURCE
Original cataloging agency DLC
Transcribing agency KU
Modifying agency KU
-- DLC
042 ## - AUTHENTICATION CODE
Authentication code premarc
050 00 - LIBRARY OF CONGRESS CALL NUMBER
Classification number DT546.442
Item number .J3 1971
300 ## - PHYSICAL DESCRIPTION
Other physical details ill. ;
Dimensions 18 cm.
100 1# - MAIN ENTRY--PERSONAL NAME
Personal name Jaulin, Robert.
9 (RLIN) 40769
245 13 - TITLE STATEMENT
Title La Mort sara :
Remainder of title l'ordre de la vie ou la pensée de la mort au Tchad /
Statement of responsibility, etc Robert Jaulin.
260 ## - PUBLICATION, DISTRIBUTION, ETC. (IMPRINT)
Place of publication, distribution, etc Paris :
Name of publisher, distributor, etc Librairie Plon,
Date of publication, distribution, etc 1971.
300 ## - PHYSICAL DESCRIPTION
Extent 448 p. :
490 0# - SERIES STATEMENT
Series statement 10/18 ;
Volume number/sequential designation 542, 543, 544
504 ## - BIBLIOGRAPHY, ETC. NOTE
Bibliography, etc Includes bibliographical references.
650 #0 - SUBJECT ADDED ENTRY--TOPICAL TERM
Topical term or geographic name as entry element Sara (African people)
9 (RLIN) 40770
906 ## - LOCAL DATA ELEMENT F, LDF (RLIN)
a 7
b cbc
c oclcrpl
d u
e ncip
f 19
g y-gencatlg
942 ## - ADDED ENTRY ELEMENTS (KOHA)
Source of classification or shelving scheme Library of Congress Classification
Koha item type Monograph ( Printed materials)
Holdings
Withdrawn status Lost status Source of classification or shelving scheme Damaged status Not for loan Collection code Home library Current library Shelving location Date acquired Total Checkouts Full call number Barcode Date last seen Price effective from Koha item type
    Library of Congress Classification     Main Collection ARRUPE LIBRARY ARRUPE LIBRARY Main Collection 20/03/2018   DT546.442 .J3 1971 46600001443 20/03/2018 20/03/2018 Monograph ( Printed materials)

 

Arrupe Library. PO Box MP320 Mt Pleasant, Harare, Zimbabwe
263 242 745411|librarian@aju.ac.zw